000 01033cam a22003017a 4500
001 17183188
003 OSt
005 20180116192414.0
008 120224s2011 enka b 001 0 eng
010 _a 2011534712
020 _a9780956494269
040 _aDLC
_cDLC
042 _apcc
050 0 0 _aN6450
_b.P4 2011
082 _a709.035
100 1 _aPevsner, Nikolaus,
_d1902-1983.
_96382
245 1 0 _aPioneers of modern design :
_bfrom William Morris to Walter Gropius /
_cNikolaus Pevsner ; [with an introduction by Richard Weston].
250 _aRev. and expanded.
260 _aBath :
_bPalazzo,
_c2011.
300 _a192 p. :
_bill. (some col.) ;
_c27 cm.
504 _aIncludes bibliographical references (p. 180-185) and index.
650 0 _aArt, Modern
_y19th century.
_96383
650 0 _aArt, Modern
_y20th century.
_96384
906 _a7
_bcbc
_corignew
_d2
_encip
_f20
_gy-gencatlg
942 _2ddc
_cBK
999 _c353661
_d353661